A-Z Famous People - Illinois - Statistics

General Stats
  • This quiz has been taken 98 times
  • The average score is 10 of 26
Answer Stats
Picture Hint Answer % Correct
O - Attorney & First Lady Michelle Obama
94%
W - Actor & Comedian Robin Williams
88%
F - Actor Harrison Ford
82%
M - Actor & Comedian Bill Murray
70%
T - Actor Mr. T
62%
C - Model & Actress Cindy Crawford
60%
L - Rapper & Actor Ludacris
54%
P - Comedian & Actor Richard Pryor
50%
Z - Actor Billy Zane
38%
A - Actress Gillian Anderson
37%
J - Record Producer & Composer Quincy Jones
35%
I - Basketball Player Andre Iguodala
32%
R - Actress & TV Personality Denise Richards
32%
D - Trumpeter & Composer Miles Davis
32%
E - Lawman & Gambler Wyatt Earp
32%
B - Football Player & Actor Dick Butkus
31%
H - Novelist & Journalist Ernest Hemingway
31%
V - Singer & Musician Eddie Vedder
30%
Q - Actor Aidan Quinn
26%
X - Football Player (First Name 'X') Xavier Fulton
17%
S - Actress Kiernan Shipka
14%
K - Businessman Ray Kroc
14%
N - Actress & Painter Kim Novak
8%
U - TV Journalist Garrick Utley
7%
Y - Governor & Senator Richard Yates
6%
G - Swimmer Matt Grevers
5%
No matching quizzes found
Score Distribution
Percent of People with Each Score
Percentile by Number Answered
Your Score History
You have not taken this quiz